| 000 | 00982 a2200265 4500 | ||
|---|---|---|---|
| 003 | CBULib | ||
| 005 | 20240126104645.0 | ||
| 008 | 240117b |||||||| |||| 00| 0 eng d | ||
| 040 |
_aCBULIB _beng _cCBULIB _dCBULIB _erda |
||
| 041 | _aeng | ||
| 050 | _aCBU-PG THESIS/NYI | ||
| 100 |
_aNyirenda, Elina _92149 |
||
| 245 |
_aWork environment effects on employee performance : A case study of Kapiri and Kabwe Councils _c/ by Elina Nyirenda |
||
| 260 |
_bCopperbelt University, _c2023 _aKitwe : |
||
| 300 | _axiv ,103pages : illustrations | ||
| 336 |
_2rdacontent _aText | _btxt |
||
| 337 |
_2rdamedia _aUnmediated | _bn |
||
| 338 |
_2rdacarrier _aVolume _bnc |
||
| 500 | _aincludes bibliographical references and appendices | ||
| 650 | 0 |
_91730 _aEMPLOYEE PERFORMANCE |
|
| 650 | 0 |
_91954 _aCOUNCILS - ZAMBIA |
|
| 650 | 0 |
_92140 _aKABWE DISTRICT |
|
| 650 | 0 |
_92150 _aKAPIRI DISTRICT |
|
| 942 |
_2mc _c030 |
||
| 999 |
_c84158 _d84158 |
||